000 00872nam a2200301Ia 4500
003 GCL
008 140319s9999 xx 000 0 ara d
040 _aGCL /
_cGCL
082 0 4 _aق
_b071.962
_bر ص
100 1 _aرفعت السعيد
245 1 0 _aالصحافة اليسارية فى مصر 1948-1925 م /
_cرفعت السعيد
260 _a[S.N] :
_bمكتبة مدبولى ،
_c1977
300 _a217 ص
490 _a
650 0 4 _aمصر
650 0 4 _aالماركسية
650 0 4 _aتاريخ
650 0 4 _aالاحوال السياسية
650 0 4 _aالشيوعية
650 0 4 _aالاحزاب السياسية
650 0 4 _aالصحافة المصرية
650 0 4 _aالتطور
650 0 4 _aالحساب
650 0 4 _aاليمين واليسار
650 0 4 _aالضمير
650 0 4 _aالدوريات
942 _2ddc
_cBK
999 _c30974
_d30974